Aproximación a una bibliografía española sobre el Norte de Africa (Record no. 72027)

MARC details
000 -LEADER
campo de control de longitud fija 00796nam a2200217 i 4500
001 - NÚMERO DE CONTROL
campo de control 72027
003 - IDENTIFICADOR DE NÚMERO DE CONTROL
campo de control ES-MaACL
005 - FECHA Y HORA DE LA ÚLTIMA TRANSACCIÓN
campo de control 20260209164743.0
007 - CAMPO FIJO DE DESCRIPCIÓN FÍSICA--INFORMACIÓN GENERAL
campo de control de longitud fija t|
008 - DATOS DE LONGITUD FIJA--INFORMACIÓN GENERAL
campo de control de longitud fija 040823s1982 sp ||||1| spa d
100 1# - ENTRADA PRINCIPAL--NOMBRE DE PERSONA
Nombre de persona Gil Grimau, Rodolfo,
Fechas asociadas al nombre 1932-2008
9 (RLIN) 56826
245 10 - MENCIÓN DEL TÍTULO
Título Aproximación a una bibliografía española sobre el Norte de Africa
Resto del título : 1850-1980 /
Mención de responsabilidad, etc. Rodolfo Gil Grimau ; prólogo de Alfonso de la Serna.
260 ## - PUBLICACIÓN, DISTRIBUCIÓN, ETC.
Lugar de publicación, distribución, etc. Madrid :
Nombre del editor, distribuidor, etc. Ministerio de Asuntos Exteriores,
Fecha de publicación, distribución, etc. [1982]
300 ## - DESCRIPCIÓN FÍSICA
Extensión 869 p. ;
Dimensiones 25 cm.
650 07 - PUNTO DE ACCESO ADICIONAL DE MATERIA--TÉRMINO DE MATERIA
Término de materia o nombre geográfico como elemento de entrada Bibliografías españolas
Fuente del encabezamiento o término embne
9 (RLIN) 10523
651 #7 - PUNTO DE ACCESO ADICIONAL DE MATERIA--NOMBRE GEOGRÁFICO
Nombre geográfico África septentrional-
Subdivisión de forma Bibliografías
Fuente del encabezamiento o término
9 (RLIN) 161655
700 1# - ENTRADA AGREGADA--NOMBRE PERSONAL
Nombre de persona Serna, Alfonso de la,
Fechas asociadas al nombre 1922-2006
9 (RLIN) 105561
852 ## - LOCALIZACIÓN
Ubicación ES-MaACL
Número de control de estantería L-4242
Sublocalización o colección R.104924
itemnumber 74714
942 ## - ELEMENTOS DE ENTRADA SECUNDARIOS (KOHA)
Fuente del sistema de clasificación o colocación Clasificación decimal universal
Holdings
Estatus retirado Estado de pérdida Fuente del sistema de clasificación o colocación Estado de daño No para préstamo Colección Biblioteca de origen Biblioteca actual Ubicación en estantería Fecha de adquisición Total de préstamos Signatura topográfica completa Código de barras Visto por última vez Precio de reemplazo Tipo de ítem Koha
    Clasificación decimal universal     Biblioteca profesional Biblioteca del Ateneo de Madrid Biblioteca del Ateneo de Madrid Depósito 2 17/01/2008   L-4242 1075398 23/02/2023 23/02/2023 Libro impreso